000 00907nam a22002177a 4500
999 _c17596
_d17596
003 AR-CdUCM
008 190509b ||||| |||| 00| 0 spa d
040 _aMUNICIPALIDAD PROVINCIAL DEL CUSCO
_cBIBLIOTECA MUNICIPAL DEL CUSCO
082 _a346.44 /
_bR91
100 _aRubio Correa, Marcial
_93515
245 _aPrescripción, caducidad y otros conceptos en el nuevo Código Civil /
260 _aLima :
_bFundación M. J. Bustamante de la Fuente,
_c1987.
300 _a341 páginas ;
_c21 cm.
505 _aContenido: Prescripción extintiva, caducidad y plazos -- Abuso del derecho -- Aplicación en el tiempo -- Buena fe y mala fe -- Conclusiones.
650 _aPrescripción (Derecho civil)
_937703
650 _aCaducidad (Derecho civil)
_937704
650 _aDerecho
_9739
710 _aFundación M.J. Bustamante de la Fuente (Perú)
_937705
942 _2ddc
_cLIBROS
945 _aachl
_d2019-05-09